01394 2200337 4500001002100000005001500021035002000036007000300056008004100059100003600100245015500136300003700291020002200328082001300350084002200363250002000385264003800405336002100443337003000464338002300494440002800517520029900545650002000844700003800864700003900902700002900941700002100970700003300991990001601024990001601040INLIS00000000116419020240807075302 a0010-0824000012ta240807 b 1 ind 0 aAmira Nuha Dzakiyyahepengarang1 aBersama kemudian berpisah /cAmira Nuha Dzakiyyah, Afifah El Muna Rabbani, Khalisa Butsaina Akhria, Gita Serafima, Husna; penyunting, Wiwit Wijiastuti a88 halaman :bilustrasi ;c21 cm a978-602-367-990-4 a899.2213 aSR 899.2213 AMI b aCetakan 1, 2023 aBandung :bMuffin Graphics,c2023 2rdacontentateks 2rdamediaatanpa perantara 2rdacarrieravolume aKecil-kecil punya karya aSarah dan Arsyi sudah bersahabat sejak awal masuk sekolah dasar. Mereka bahkan sudah merencanakan untuk daftar ke sekolah menengah yang sama. Pokoknya, mereka berjanji akan selalu bersama. Sayangnya, rencana tak terduga membuat mereka harus berpisah. Lalu, bagaimana dengan persahabatan mereka? 4aFiksi Indonesia0 aAfifah El Muna Rabbaniepengarang0 aKhalisa Butsaina Akhriaepengarang0 aGita Serafimaepengarang0 aHusnaepengarang0 aWiwit Wijiastutiepenyunting a53792.66612 a53793.66613